Những đặc điểm cơ bản của thơ hát nói từ thế kỷ XIX đến đầu thế kỷ XX
Lịch sử hình thành và quá trình phát triển của thơ hát nói; Đặc điểm nội dung tư tưởng của thơ hát nói trong văn học Việt Nam từ thế kỷ XIX đến đầu thế kỷ XX; Đặc điểm hình thức biểu hiện của thơ hát nói trong văn học Việt Nam từ thế kỷ XIX đến đầu thế kỷ XX......
Gespeichert in:
| 1. Verfasser: | |
|---|---|
| Weitere Verfasser: | |
| Format: | Buch |
| Sprache: | Vietnamese |
| Veröffentlicht: |
Đà Nẵng
Đại học Đà Nẵng
2009
|
| Schlagworte: | |
| Tags: |
Tag hinzufügen
Keine Tags, Fügen Sie den ersten Tag hinzu!
|
| Thư viện lưu trữ: | Mạng thư viện Đại học Đà Nẵng |
|---|
| LEADER | 01484nam a2200325 4500 | ||
|---|---|---|---|
| 001 | 000010598 | ||
| 003 | 6804 | ||
| 005 | 20111215151222.0 | ||
| 008 | 111215s2009 viesd | ||
| 041 | |a vie | ||
| 072 | |a Luận văn Thạc sĩ Khoa học xã hội và nhân văn | ||
| 082 | |a 895.9221 |b TR-N | ||
| 100 | |a Trần Thị Lê Na | ||
| 245 | |a Những đặc điểm cơ bản của thơ hát nói từ thế kỷ XIX đến đầu thế kỷ XX |c Trần Thị Lê Na | ||
| 260 | |a Đà Nẵng |b Đại học Đà Nẵng |c 2009 | ||
| 300 | |a 95tr. |c 29 cm | ||
| 500 | |a Luận văn Thạc sĩ Khoa học xã hội và nhân văn. Chuyên ngành: Văn học Việt Nam. Mã số: 60.22.34 | ||
| 520 | |a Lịch sử hình thành và quá trình phát triển của thơ hát nói; Đặc điểm nội dung tư tưởng của thơ hát nói trong văn học Việt Nam từ thế kỷ XIX đến đầu thế kỷ XX; Đặc điểm hình thức biểu hiện của thơ hát nói trong văn học Việt Nam từ thế kỷ XIX đến đầu thế kỷ XX... | ||
| 653 | |a Văn học | ||
| 653 | |a Luận văn Thạc sĩ Khoa học xã hội và nhân văn | ||
| 653 | |a thơ hát | ||
| 700 | |a Hoàng Đức Khoa |c TS |e Hướng dẫn | ||
| OWN | |a LSP | ||
| 999 | |a From the UDN01 | ||
| TYP | |a Monograph | ||
| TYP | |a Printed language | ||
| 980 | |a Mạng thư viện Đại học Đà Nẵng | ||